00473nam a2200133Ia 45000010005000000080041000050820020000461000027000662450179000932600016002725900006002889010028002949990017003224631241024s9999 xx 000 0 und d a344/C581in/2016 aCity Montessory School 0aInvitation international (18) conference of chief, justices of the world on article 51 of the constitution of India (world judiciary summit 2017) 8th to 14 th noviembre, 2017 bIndiac2016 as a19/5/2017 11:27:02 a.m. c11153d11153